Mois de l'Année par langues - Statistiques

Statistiques générales
  • Ce quiz a été pris 81 fois
  • Le résultat moyen est 44 sur 72
Statistiques - réponses
Langues Mois % Correct
Français Août
100%
Français Avril
100%
Français Décembre
100%
Français Février
100%
Français Janvier
100%
Français Juillet
100%
Français Juin
100%
Français Mai
100%
Allemand Mai
100%
Français Mars
100%
Français Novembre
100%
Italien Novembre
100%
Français Octobre
100%
Français Septembre
100%
Allemand Januar
96%
Anglais April
95%
Allemand April
95%
Anglais June
95%
Anglais May
95%
Anglais November
95%
Allemand November
95%
Anglais October
95%
Anglais September
95%
Allemand September
95%
Anglais December
93%
Anglais July
93%
Anglais August
92%
Allemand August
92%
Anglais January
92%
Allemand Februar
88%
Anglais March
88%
Anglais February
85%
Allemand März
75%
Allemand Juli
67%
Allemand Juni
60%
Espagnol Noviembre
59%
Espagnol Septiembre
59%
Espagnol Marzo
56%
Italien Marzo
56%
Espagnol Mayo
56%
Espagnol Abril
52%
Portugais Abril
52%
Espagnol Octubre
52%
Espagnol Julio
51%
Espagnol Diciembre
49%
Espagnol Enero
49%
Espagnol Febrero
48%
Allemand Oktober
45%
Espagnol Junio
41%
Espagnol Agosto
40%
Italien Agosto
40%
Portugais Agosto
40%
Allemand Dezember
33%
Italien Ottobre
21%
Italien Settembre
21%
Italien Aprile
19%
Italien Dicembre
15%
Portugais Maio
15%
Italien Febbraio
12%
Italien Gennaio
12%
Portugais Janeiro
12%
Portugais Março
12%
Italien Giugno
11%
Portugais Fevereiro
10%
Portugais Julho
10%
Portugais Junho
10%
Italien Luglio
10%
Italien Maggio
10%
Portugais Dezembro
8%
Portugais Novembro
8%
Portugais Septembro
8%
Portugais Outubro
7%
Aucun quiz correspondant
Distribution des résultats
% des personnes avec chaque résultat
Percentile par nombre de réponses
Votre historique - résultats
Vous n’avez pas pris ce quiz